Statistiques concernant Les 20 villes brésiliennes les plus peuplées (population municipale)

Cliquez ici pour prendre le quiz!

Statistiques générales

  • Ce quiz a été pris 59 fois
  • Le résultat moyen est 10 sur 20

Statistiques - réponses

Population Ville % Correct
10 886 518São Paulo
100%
6 093 472Rio de Janeiro
100%
2 455 903Brasília
94%
1 533 580Recife
81%
1 612 475Manaus
78%
2 412 937Belo Horizonte
72%
1 420 667Porto Alegre
69%
1 408 847Belém
59%
2 892 625Salvador de Bahia
59%
1 797 408Curitiba
57%
2 431 415Fortaleza
52%
1 039 297Campinas
26%
1 244 645Goiânia
20%
957 899São Luís
19%
842 686Duque de Caxias
15%
830 672Nova Iguaçu
13%
1 236 192Guarulhos
11%
874 014Maceió
11%
781 390São Bernardo do Campo
9%
960 631São Gonçalo
7%

Distribution des résultats

Percentile by Number Answered

% des personnes avec chaque résultat

Votre développement - résultats

Vous n’avez pas pris ce quiz